Dispute resolution mechanism for the belt and road initiative / (Record no. 587371)
[ view plain ]
| 000 -LEADER | |
|---|---|
| fixed length control field | 00442nam a22001577a 4500 |
| 003 - CONTROL NUMBER IDENTIFIER | |
| control field | NUST |
| 020 ## - INTERNATIONAL STANDARD BOOK NUMBER | |
| International Standard Book Number | 978-7308197441 |
| 038 ## - RECORD CONTENT LICENSOR | |
| Staff Name | khadija |
| 082 ## - DEWEY DECIMAL CLASSIFICATION NUMBER | |
| Classification number | 347.5109 |
| Author Mark | WAN |
| 100 ## - MAIN ENTRY--PERSONAL NAME | |
| Personal name | Wang, Guiguo |
| 9 (RLIN) | 86526 |
| 245 ## - TITLE STATEMENT | |
| Title | Dispute resolution mechanism for the belt and road initiative / |
| Statement of responsibility, etc. | Wang, Guiguo |
| 260 ## - PUBLICATION, DISTRIBUTION, ETC. | |
| Place of publication, distribution, etc. | Gateway East, Singapore |
| Name of publisher, distributor, etc. | Zhejiang University Press : Springer |
| Date of publication, distribution, etc. | 2020 |
| 300 ## - PHYSICAL DESCRIPTION | |
| Extent | 240p |
| 563 ## - BINDING INFORMATION | |
| Binding note | HB |
| 942 ## - ADDED ENTRY ELEMENTS (KOHA) | |
| Source of classification or shelving scheme | |
| Koha item type | Book |
| Withdrawn status | Lost status | Source of classification or shelving scheme | Damaged status | Not for loan | Permanent Location | Current Location | Shelving location | Date acquired | Total Checkouts | Full call number | Barcode | Date last seen | Price effective from | Koha item type |
|---|---|---|---|---|---|---|---|---|---|---|---|---|---|---|
| School of Mechanical & Manufacturing Engineering (SMME) | School of Mechanical & Manufacturing Engineering (SMME) | General Stacks | 12/13/2021 | 347.5109 WAN | SMME-3672 | 12/13/2021 | 12/13/2021 | Book |
